LEADER 00819nam0-22003011i-450- 001 990000026350403321 035 $a000002635 035 $aFED01000002635 035 $a(Aleph)000002635FED01 035 $a000002635 100 $a20011111d--------km-y0itay50------ba 101 0 $aita 105 $ay-------001yy 200 1 $aWelding for engineers$fHarry Udin , Edward R. Funk , John Wulff. 210 $aNew York$cJ. Wiley and sons$eLondon$cChapman and Hall$d1954 215 $aIX, 430 p.$cill.$d22 cm 610 0 $aSaldatura 676 $a671.5 700 1$aUdin,$bHarry 702 1$aFunk,$bEdward R. 702 1$aWulff,$bJohn 801 0$aIT$bUNINA$gRICA$2UNIMARC 901 $aBK 912 $a990000026350403321 952 $a13 B 22 05$b20875$fFINBC 959 $aFINBC 997 $aUNINA DB $aING01 LEADER 00980nam a2200265 i 4500 001 991000770289707536 005 20020507173351.0 008 961211s1964 us ||| | eng 035 $ab10754842-39ule_inst 035 $aLE01302055$9ExL 040 $aDip.to Matematica$beng 082 0 $a530.15 084 $aAMS 81U99 100 1 $aNewton, Roger G.$045677 245 14$aThe complex j-plane :$bcomplex angular momentum in nonrelativistic quantum scattering theory /$cRoger G. Newton 260 $aNew York :$bW. A. Benjamin,$c1964 300 $aviii, 235 p. ;$c23 cm. 440 4$aThe mathematical physics monograph series ;$v9 650 4$aScattering theory 907 $a.b10754842$b21-09-06$c28-06-02 912 $a991000770289707536 945 $aLE013 81U NEW11 (1964)$g1$i2013000067162$lle013$o-$pE0.00$q-$rl$s- $t0$u1$v0$w1$x0$y.i10848988$z28-06-02 996 $aComplex j-Plane$9338610 997 $aUNISALENTO 998 $ale013$b01-01-96$cm$da $e-$feng$gus $h4$i1